Ancianidad y pobreza en el mundo en desarrollo (Registro nro. 4061)

Detalles MARC
000 -LEADER
fixed length control field 01183 a2200253 4500
001 - CONTROL NUMBER
control field 45897
005 - DATE AND TIME OF LATEST TRANSACTION
control field 20260407155731.0
008 - FIXED-LENGTH DATA ELEMENTS--GENERAL INFORMATION
fixed length control field 260407a1999 arg spa d
003 - CONTROL NUMBER IDENTIFIER
control field AR-UNSa-BCEJYS
040 ## - CATALOGING SOURCE
Original cataloging agency AR-UNSa-BCEJYS
Language of cataloging spa
Transcribing agency AR-UNSa-BCEJYS
080 ## - UNIVERSAL DECIMAL CLASSIFICATION NUMBER
Universal Decimal Classification number 369
Common auxiliary subdivision Seguridad social
020 ## - INTERNATIONAL STANDARD BOOK NUMBER
International Standard Book Number 84-95294-00-1
041 ## - LANGUAGE CODE
Language code of text/sound track or separate title spa
100 1# - MAIN ENTRY--PERSONAL NAME
Personal name Laclau, Soledad
245 10 - TITLE STATEMENT
Title Ancianidad y pobreza en el mundo en desarrollo
Name of part/section of a work las villas miserias de Buenos Aires
250 ## - EDITION STATEMENT
Edition statement 2a. ed.
264 #1 - PRODUCTION, PUBLICATION, DISTRIBUTION, MANUFACTURE, AND COPYRIGHT NOTICE
Place of production, publication, distribution, manufacture Buenos Aires :
Name of producer, publisher, distributor, manufacturer Miño y Dávila
Date of production, publication, distribution, manufacture, or copyright notice 1999
300 ## - PHYSICAL DESCRIPTION
Extent 381 p.
Dimensions 20 cm.
505 ## - FORMATTED CONTENTS NOTE
Formatted contents note 1. Ancianidad y bienestar económico en el mundo en desarrollo – 2. Envejecimiento y pobreza en Argentina – 3. La seguridad social y otras estrategias de ingreso a disposición de los ancianos en Buenos Aires – 4. Los casos de estudio: características generales e iniciativas locales para los ancianos – 5. Los casos de estudio: estrategias individuales – 6. Conclusiones -
590 ## - LOCAL NOTE (RLIN)
Local note niveau_biblio:m niveau_hierar:0
700 1# - ADDED ENTRY--PERSONAL NAME
Personal name Lloyd-Sherlock, Peter G.
856 41 - ELECTRONIC LOCATION AND ACCESS
Uniform Resource Identifier <a href="https://www.biblioeco.unsa.edu.ar/pmb/images/libros/L127224.jpg">https://www.biblioeco.unsa.edu.ar/pmb/images/libros/L127224.jpg</a>
Link text Imagen de portada
Electronic format type image/jpeg
942 ## - ADDED ENTRY ELEMENTS (KOHA)
Koha item type
Existencias
Withdrawn status Lost status Damaged status Not for loan Home library Current library Shelving location Date acquired Total checkouts Full call number Barcode Date last seen Price effective from Koha item type
        Biblioteca Prof. Eusebio Cleto del Rey Biblioteca Prof. Eusebio Cleto del Rey   07/04/2026   369 L793 2ed. L127224 07/04/2026 07/04/2026 Libro